000
00266nam a2200109Ia 4500
008
200302s9999 xx 000 0 und d
100
_a
L I U Hanlin
245
_a
Municipal Architecture
260
_b
Design Media Publishing (UK) Ltd.,
260
_c
2013
300
_a
267
999
_c
6210
_d
6210